00562nam a2200193 4500003001100000005001700011008004100028020001500069040003900084041000800123082001600131100002200147245001900169260004100188650002700229942000700256952009000263999001500353LK-CoMWRAF20230905143835.0230905b1974 |||||||| |||| 00| 0 eng d a0140192379 aLK-CoMWRAFdLK-CoMWRAFeLK-CoMWRAF aeng a291.62bCAS aCastaneda, Carlos aTales of power aU. S. A. :bCarlos Castaneda, c1974 aReligion and mythology cBK 00104070aMAINbMAINd2023-09-05l0o291.62 CASpRAF838r2023-09-05w2023-09-05yBK c3409d3409